Expr Ang : IV.3. Industry and industrial relations - Statistiques

Statistiques générales
  • Ce quiz a été pris 20 fois
  • Le résultat moyen est 17 sur 48
Statistiques - réponses
Hint Réponse % Correct
to spearhead a technological revolution être le fer de lance d'une révolution technologique
75%
peak technologies les technologies de pointe
75%
to work on the line travailler à la chaîne
75%
to step up the pace of the line accélérer le rythme de la chaîne
50%
at shopfloor level à la base (usine)
50%
to improve on a design apporter des améliorations à une conception
50%
to do odd jobs faire de menus travaux
50%
to operate a machine faire fonctionner une machine
50%
to make a giant leap forward faire un bond en avant
50%
to make a step forward faire un pas en avant
50%
to do a job faire un travail
50%
the right to hire and fire le droit d'embaucher et de débaucher
50%
labour-intensive industries les industries qui nécessitent beaucoup de main-d'œuvre
50%
to put in a claim for better working conditions poser une demande pour de meilleures conditions de travail
50%
to resume work, to go back to work reprendre le travail
50%
to cut jobs supprimer des emplois
50%
the closed shop system système où on n'embauche que des ouvriers syndiqués
50%
a lame duck un canard boiteux
50%
a computer-controlled assembly line une chaîne de montage informatisée
50%
to learn new skills apprendre de nouvelles compétences
25%
to look for (to hunt for) work/ a job chercher du travail
25%
to churn out cheap consumer goods débiterr des biens de consommation bon marché
25%
shoddy goods des articles de mauvaise qualité
25%
stringent safety standards des normes de sécurité sévères
25%
good-quality products des produits de bonne qualité
25%
stringent safety rules/regulations des règles de sécurité sévères
25%
to be on the dole/out of work être au chômage
25%
to meet the safety standards être conforme aux normes de sécurité
25%
to be made redundant être mis au chômage
25%
to flood the market inonder le marché
25%
vocational training la formation professionnelle
25%
computer-assisted production la production assistée par ordinateur
25%
the minimum wage le salaire minimum
25%
the working conditions les conditions de travail
25%
hi-tech industries les industries de pointe
25%
to stage a demonstration manifester, organiser une manifestation
25%
to fail to start ne pas (réussir à) démarrer
25%
to put in a claim for a pay rise poser une demande d'augmentation
25%
to work to capacity produire à plein rendement
25%
to get down to work se mettre au travail
25%
to go on strike se mettre en grève
25%
to work in shifts/the 3 shifts travailler par roulement
25%
an ailing industry une industrie mal en point
25%
a sunrise industry une industrie montante
25%
a smokestack industry une industrie traditionnelle
25%
a mobile workforce une main d'œuvre mobile
25%
to work to rule faire la grève du zèle
0%
a plant closure une fermeture d'usine
0%
Aucun quiz correspondant
Distribution des résultats
% des personnes avec chaque résultat
Percentile par nombre de réponses
Votre historique - résultats
Vous n’avez pas pris ce quiz